00330nam a2200133Ia 4500003000400000005001700004008004100021040000700062082002400069100002200093245002800115260004500143365000800188OSt20230614114622.0210423s1984 xx 000 0 und d cAL a301.0954223b DESC aDESROCHERS (John) aClasses in india today. aBangalorebCentr for social actionc1984 cINR